Logo voiture #4 - Statistiques

Statistiques générales
  • Ce quiz a été pris 2 087 fois
  • Le résultat moyen est 12 sur 16
Statistiques - réponses
Par images Réponse % Correct
BMW
100%
Lamborghini
96%
Opel
96%
Fiat
95%
Porsche
94%
Land rover
93%
Nissan
93%
Alfa roméo
89%
DS
89%
Aston martin
87%
Dacia
71%
Corvette
69%
Lancia
67%
Harley davidson
58%
Kawasaki
21%
AC
17%
Aucun quiz correspondant
Distribution des résultats
% des personnes avec chaque résultat
Percentile par nombre de réponses
Votre historique - résultats
Vous n’avez pas pris ce quiz